000
00228nam a22000857a 4500
008
160912b xxu||||| |||| 00| 0 eng d
100
_9
382
_a
Ganjal. J.K
245
_a
Get Going Grammer-6
260
_a
New Delhi
_b
Rachna Publications
_c
2011
999
_c
3040
_d
3040